One, two, buckle my shoe / (Record no. 105286)
[ view plain ]
| 000 -LEADER | |
|---|---|
| fixed length control field | 00370nam a2200145 a 4500 |
| 005 - DATE AND TIME OF LATEST TRANSACTION | |
| control field | 20140412111349.0 |
| 008 - FIXED-LENGTH DATA ELEMENTS--GENERAL INFORMATION | |
| fixed length control field | 070710s19uu xx 00 eng d |
| 020 ## - INTERNATIONAL STANDARD BOOK NUMBER | |
| International Standard Book Number | 0-7214-1265-3 |
| 050 ## - LIBRARY OF CONGRESS CALL NUMBER | |
| Classification number | ER |
| Item number | On2 |
| 100 ## - MAIN ENTRY--PERSONAL NAME | |
| Personal name | Murdock, Hy |
| 245 ## - TITLE STATEMENT | |
| Title | One, two, buckle my shoe / |
| Statement of responsibility, etc | Hy Murdock. |
| 260 ## - PUBLICATION, DISTRIBUTION, ETC. (IMPRINT) | |
| Place of publication, distribution, etc | UK : |
| Name of publisher, distributor, etc | Ladybird books. |
| 440 ## - SERIES STATEMENT/ADDED ENTRY--TITLE | |
| Title | Read it yourself |
| Withdrawn status | Lost status | Damaged status | Home library | Current library | Shelving location | Date acquired | Source of acquisition | Total Checkouts | Full call number | Barcode | Date last seen | Price effective from | Koha item type |
|---|---|---|---|---|---|---|---|---|---|---|---|---|---|
| Elizalde Library | Elizalde Library | Easy Reading Section | 07/10/2007 | ER On2 | E9818 | 04/12/2014 | 04/12/2014 | Books |